LEADER 00613oam 2200169z- 450 001 9910693685603321 035 $a(CKB)4970000000037257 035 $a(EXLCZ)994970000000037257 100 $a20231010c2000uuuu -u- - 101 0 $aeng 200 10$aIntercity passenger rail : decisions on the future of Amtrak and intercity passenger rail are approaching 210 $aWashington, D.C 517 $aIntercity Passenger Rail 906 $aDOCUMENT 912 $a9910693685603321 996 $aIntercity passenger rail : decisions on the future of Amtrak and intercity passenger rail are approaching$93185983 997 $aUNINA